000 01369nam0a22003131 4500
001 RU\INFOCOMM_322\NLR\5000099180
005 20250613103211.0
035 _a(NLR Aleph) 009461746
090 _a8471199
_c8471199
100 _a20121210d1985 |||y0rusy50 ca
101 0 _ager
102 _aRU
105 _ay z |||||
200 1 _aGemeinsame Erklärung der Kommunistischen Partei der Sowjetunion und der Französischen Kommunistischen Partei
210 _aM.
_cAPN-Verl.
_d1985
215 _a16 с.
_d17 см
300 _aНа обороте тит. л.: Совместное заявление Коммунистической партии Советского Союза и Французской коммунистической партии
601 0 2 _aКПСС
_xВзаимоотношения с коммунистической партией Франции
_2nlr_sh1
601 0 2 _aКоммунистическая партия Франции
_xВзаимоотношения с КПСС
_2nlr_sh1
620 _aМосква
686 _aФ61(2)273-729(4Фр)
_2rubbk
686 _aФ61(4Фр)263-7(2)
_2rubbk
710 0 2 _aKommunistische Partei der Sowjetunion
_4070
712 0 2 _aFranzösische kommunistische Partei
_4570
801 1 _aRU
_bNLR
_c20121210
801 0 _aRU
_bINFOCOMM
_gPSBO
852 _aNLR
_jИп31 Д-2/163
942 _cBOOK
980 _aNB